Αναλυτική επίλυση ιξωδοελαστικών στρωτών ροών με συνθήκες ολίσθησης : μεταπτυχιακή εργασία

Αναλυτική επίλυση ιξωδοελαστικών στρωτών ροών με συνθήκες ολίσθησης.

Αποθηκεύτηκε σε:
Λεπτομέρειες βιβλιογραφικής εγγραφής
Κύριος συγγραφέας: Αποστολάς, Σάββας
Συγγραφή απο Οργανισμό/Αρχή: Πανεπιστήμιο Αιγαίου. Σχολή Θετικών Επιστημών. Τμήμα Μαθηματικών. Μεταπτυχιακό Πρόγραμμα Σπουδών Μαθηματική Μοντελοποίηση στις Φυσικές Επιστήμες και στις Σύγχρονες Τεχνολογίες
Μορφή: Thesis Βιβλίο
Γλώσσα:Greek
Δημοσίευση: 2013.
Θέματα:
Διαθέσιμο Online:http://hdl.handle.net/11610/12219
Ετικέτες: Προσθήκη ετικέτας
Δεν υπάρχουν, Καταχωρήστε ετικέτα πρώτοι!

MARC

LEADER 00000cam a2200000 i 4500
001 1/49418
008 140616s2013 gr | ||| |||| ||gre||
035 |l 10117991 
040 |a GR-MyUA  |b gre  |e AACR2 
041 0 |a gre 
082 0 |a 620.11232  |2 (22) 
100 1 |a Αποστολάς, Σάββας. 
245 1 0 |a Αναλυτική επίλυση ιξωδοελαστικών στρωτών ροών με συνθήκες ολίσθησης :   |b μεταπτυχιακή εργασία /   |c Σάββας Αποστολάς ; επιβλέπων καθηγητής Κωνσταντίνος Χουσιάδας.  
260 |c 2013.  
300 |a 38 σ. :   |b σχέδια ;   |c 30 εκ.  
500 |a Μέλη της εξεταστικής επιτροπής: Χουσιάδας Κων/νος, Μεταφτσής Βασίλειος, Χατζηνικήτας Αγαπητός.  
502 |a Διατριβή (μεταπτυχιακή) – Πανεπιστήμιο Αιγαίου, Σάμος, 2013. 
504 |a Βιβλιογραφία: σ. 38.  
506 1 |a Διάθεση πλήρους κειμένου ;   |d Ενδοπανεπιστημιακή δημοσίευση.  
520 |a Αναλυτική επίλυση ιξωδοελαστικών στρωτών ροών με συνθήκες ολίσθησης. 
540 |a Κλειδωμένη η δυνατότητα αντιγραφής (copy) του κειμένου.  
610 2 0 |a University of the Aegean  |x Dissertations. 
650 0 0 |a Viscoelasticity. 
650 0 0 |a Dissertations, Academic  |z Greece. 
700 1 |a Χουσιάδας, Κωνσταντίνος,  |e dgs 
710 2 |a Πανεπιστήμιο Αιγαίου.   |b Σχολή Θετικών Επιστημών.   |b Τμήμα Μαθηματικών.   |b Μεταπτυχιακό Πρόγραμμα Σπουδών Μαθηματική Μοντελοποίηση στις Φυσικές Επιστήμες και στις Σύγχρονες Τεχνολογίες. 
852 |a INST  |b SAMOS  |c DIATR  |e 20140616  |h 620.11232 ΑΠΟ  |p 005300036789  |q 005300036789  |t MTXE  |y 23 
852 |a INST  |b SAMOS  |c DIATR  |e 20140616  |h 620.11232 ΑΠΟ  |p 005300036790  |q 005300036790  |t MTXE  |y 23 
856 |u http://hdl.handle.net/11610/12219  
901 |a BIBL3-2014-2 
909 |a Σ  |b 184957 
909 |a Σ  |b 184958 
924 |a ΑΠΟΣΤΟΛΑΣ  |b ΣΑΒΒΑΣ  |y Σάμος  |z 2013-09 
970 |a ΚΟΣΙΕΡΗΣ  |b ΧΡΗΣΤΟΣ  |z 2014/06/16